| 000 | 00554nam a22001817a 4500 | ||
|---|---|---|---|
| 003 | BD-DhJNU | ||
| 005 | 20250619052220.0 | ||
| 008 | 250619b |||||||| |||| 00| 0 eng d | ||
| 040 |
_aBD-DhJNU _bENG _cBD-DhJNU _dBD-DhJNU |
||
| 082 |
_223 _a320 KAP |
||
| 100 | _aKapur, Anup Chand | ||
| 245 |
_aPrinciples of Political Science / _cAnup Chand Kapur |
||
| 260 |
_aNew Delhi : 2000. _bS. Chand, _c1990. |
||
| 300 |
_a888p. : _bill. ; _c21 cm. |
||
| 504 | _aIncludes bibliographical references and index | ||
| 650 | _aPolitical Science | ||
| 942 |
_2ddc _cBK _n0 |
||
| 999 |
_c1798 _d1798 |
||